1628 1769 1381 1250 1042 1223 1597 1634 1012 1716 1974 1332 1753 1643 1001 1200 1243 1949 1017 1120 1630 1381 1853 1306 1188 1399 1788 1948 1996 1132 1558 1627 1301 1426 1774 1380 1891 1630 1776 1608 1959 1125 1737 1287 1664 1729 1751 1022 1931 1371 1996 1107 1512 1629 1675 1251 1243 1380 1450 1712 1085 1335 1797 1888 1806 1431 1010 1688 1276 1811 1553 1585 1439 1776 1631 1002 1929 1552 1696 1452 1699 1302 1421 1232 1306 1649 1104 1656 1198 1432 1921 1545 1773 1574 1536 1970 1909 1944 1262 BCNSPRNW ULIB Ver.6.0+V

เปลี่ยนเป็นภาษาไทย

Change to English
 แสดงรายละเอียดบรรณานุกรม
  กลับหน้าหลัก

Brief Record : Get Marc (ISO 2709) : E-mail record : QR code < ปิดหน้าต่าง
LEADER : 00000nam 2200000uu 4500
001    13399122930
003     ULIB
008    020711s2550 th a 000 0 tha d
099    วจ.WE175^bด211ค
100    ดวงพร ปิยะคง
110    มหาวิทยาลัยนเรศวร
245    ความต้องการ และการได้รับการตอบสนองความต้องการของผู้ป่วยกระดูกขาหักที่ได้รับการผ่าตัดซ้ำ/^cดวงพร ปิยะคง,สุจินต์ เรืองรัมย์,สุนทร ภู่เสนและศิริลักษณ์ สุดสวาท
260    พิษณุโลก :^bมหาวิทยาลัยนเรศวร,^c2550
300    94 หน้า
650    กระดูกขาหัก^xผู้ป่วย
700    สุจินต์ เรืองรัมย์
700    สุนทร ภู่เสน
700    ศิริลักษณ์ สุดสวาท
945    ^p0^l0^i20242
รายการนี้ยังไม่มีแท็ก
คุณยังไม่ได้ล็อกอิน คุณสามารถมีกิจกรรมร่วมกับเว็บไซต์ได้ แต่ต้องล็อกอินก่อน ::
  ล็อกอิน

รายการสื่อสารสนเทศ

ลำดับที่ ประเภท เลขเรียก/บาร์โค้ด สถานที่ สถานะ
1. งานวิจัย
งานวิจัย
วจ.WE175 ด211ค ฉ.1 
  Barcode: 20242
ห้องสมุดวิทยาเขตนครสวรรค์
►วิจัย:l:Research Room
บนชั้น

BibComment


ยังไม่เคยถูกคอมเมนท์

คอมเมนท์ทรัพยากรรายการนี้
  คอมเมนท์: ความต้องการ และกา..


 Copyright 2026. Bcnsprnw @Library